| 000 | 00541nam a2200193 a 4500 | ||
|---|---|---|---|
| 001 | 3933 | ||
| 005 | 20140414131926.0 | ||
| 008 | 040603s19uu xx 00 eng d | ||
| 020 | _a0-307-12886-5 | ||
| 050 |
_aER _bP75 1996 |
||
| 245 |
_aPocahontas / _cby Margo Lundell ; illustrated by Jose Cardona. |
||
| 260 |
_aNew York : _bA Golden Book, _c1996. |
||
| 300 | _a1 v. (unp.) : ill. ; cm. | ||
| 440 | _aDisney's Pocahontas | ||
| 650 |
_aPowhatan Indians _xFiction. |
||
| 650 | _aChildren stories. | ||
| 999 |
_c112033 _d112033 |
||